[Event "28th Gniot Mem 2013"]
[Site "Police POL"]
[Date "2013.07.14"]
[Round "5.9"]
[White "Gajek,R"]
[Black "Maniocha,A"]
[Result "0-1"]
[WhiteElo "2296"]
[BlackElo "2118"]

1.e4 c5 2.Nf3 e6 3.d4 cxd4 4.Nxd4 a6 5.Bd3 Nc6 6.Be3 Nge7 7.Nc3 Nxd4 8.Bxd4 Nc6
9.Be3 b5 10.O-O Bb7 11.f4 Qc7 12.Qe2 Na5 13.a4 Nc4 14.Bd4 Nxb2 15.axb5 Bc5
16.Qe3 Nxd3 17.cxd3 Bxd4 18.Qxd4 O-O 19.b6 Qc6 20.Rfc1 Rac8 21.Rab1 Qc5 22.Ne2 Qh5
23.Ng3 Rxc1+ 24.Rxc1 Qb5 25.f5 e5 26.Qe3 f6 27.Nh5 Bc6 28.Kh1 a5 29.g4 h6
30.h4 Kf7 31.Ng3 a4 32.Nf1 Rb8 33.g5 hxg5 34.hxg5 Qxb6 35.Qh3 Qb2 36.Rd1 Rg8
37.Rd2 Qc1 38.Kg1 a3 39.d4 Bb5 40.dxe5 Bxf1 41.Qxf1 Qxd2 42.Qc4+ Ke7 43.Qc5+ Kd8
44.Qb6+ Kc8 45.Qc5+ Kb7 46.Qb5+ Ka7 47.Qa4+ Kb6 48.Qb3+ Kc5 49.Qxg8 a2 50.Qc8+ Kb4
51.Qb7+ Kc3 52.Qc7+ Kb2 53.Qb6+ Kc1 54.Qc5+ Kd1 55.Qa3 Qd4+  0-1

[Event "Minsk Open 2013"]
[Site "Minsk BLR"]
[Date "2013.07.15"]
[Round "3.15"]
[White "Kovalev,Vl"]
[Black "Martirosyan,Haik M."]
[Result "1-0"]
[WhiteElo "2558"]
[BlackElo "2100"]

1.e4 c5 2.Nf3 e6 3.d4 cxd4 4.Nxd4 a6 5.Bd3 Qc7 6.O-O Nf6 7.Qe2 d6 8.c4 Be7
9.Nc3 O-O 10.f4 Nbd7 11.Kh1 b6 12.Bd2 Bb7 13.Rae1 Rfd8 14.Bb1 Rac8 15.b3 Bf8
16.Nf3 g6 17.Qf2 Bg7 18.Qh4 Qc5 19.f5 exf5 20.exf5 Re8 21.fxg6 hxg6 22.Ng5 Rxe1
23.Rxe1 Re8 24.Rxe8+ Nxe8 25.Bxg6 Qe5 26.Bxf7+ Kf8 27.Bd5 Bxd5 28.Nxd5 Nef6
29.Nxf6 Nxf6 30.Qe1 Qxe1+ 31.Bxe1 Bh6 32.Ne6+ Kf7 33.Nc7 a5 34.Bf2  1-0

[Event "8th Nana Aleksandria"]
[Site "Poti GEO"]
[Date "2013.07.15"]
[Round "3.10"]
[White "Iskandarov,M"]
[Black "Ter Karapetian,Al"]
[Result "1-0"]
[WhiteElo "2371"]
[BlackElo "2146"]

1.e4 c5 2.Nf3 e6 3.d4 cxd4 4.Nxd4 a6 5.Bd3 Qc7 6.Nc3 Nf6 7.f4 d6 8.a4 Be7
9.Be3 O-O 10.O-O Nc6 11.Qf3 Nb4 12.g4 Nd7 13.g5 Re8 14.Rae1 Nc5 15.Rd1 Nc6
16.Qg3 Bd7 17.f5 Nxd3 18.cxd3 Qa5 19.Nxc6 Bxc6 20.fxe6 fxe6 21.Qg4 Bd7 22.g6 Rf8
23.Nd5 exd5 24.Qxd7 Bf6 25.Qe6+ Kh8 26.Qh3  1-0

[Event "Czech Open G1 Rapid 2013"]
[Site "Pardubice CZE"]
[Date "2013.07.17"]
[Round "1.9"]
[White "Bryzgalin,K"]
[Black "Skliba,M"]
[Result "1-0"]
[WhiteElo "2470"]
[BlackElo "2271"]

1.e4 c5 2.Nf3 e6 3.d4 cxd4 4.Nxd4 a6 5.Bd3 Bc5 6.Nb3 Be7 7.O-O d6 8.Qg4 g6
9.Qe2 Nd7 10.c4 b6 11.Nd4 Bb7 12.b3 Ngf6 13.Nc3 Qc7 14.Bb2 h5 15.Rac1 Ne5
16.Bb1 Rc8 17.f4 Ned7 18.f5 gxf5 19.exf5 Rg8 20.fxe6 Rxg2+ 21.Qxg2 Bxg2 22.exd7+ Qxd7
23.Bf5 Qb7 24.Bxc8 Qxc8 25.Kxg2 Qg4+ 26.Kh1 Qxd4 27.Rce1 Qh4 28.Re2 Kf8 29.Rf3 b5
30.Rfe3 Bd8 31.Nd5 bxc4 32.bxc4 Qxc4 33.Nxf6 Qc6+ 34.Ne4 d5 35.Nd2 d4+ 36.Rf3 Bg5
37.Ba3+ Kg7 38.Rg2 Kh6 39.Bf8+ Kg6 40.Be7  1-0

[Event "Czech Open G1 Rapid 2013"]
[Site "Pardubice CZE"]
[Date "2013.07.17"]
[Round "2.25"]
[White "Korinek,O"]
[Black "Kovalev,An"]
[Result "1/2-1/2"]
[WhiteElo "2331"]
[BlackElo "2470"]

1.e4 c5 2.Nf3 e6 3.d4 cxd4 4.Nxd4 a6 5.Bd3 Ne7 6.O-O Nbc6 7.Nxc6 Nxc6 8.f4 Bc5+
9.Kh1 O-O 10.Nc3 d6 11.Qf3 Qh4 12.Be3 Nd4 13.Qf2 Qxf2 14.Bxf2 Bd7 15.Rad1 Rfd8
16.Ne2 Nxe2 17.Bxe2 Bxf2 18.Rxf2 Bc6 19.Bf3 Kf8 20.Rfd2 Ke7 21.Kg1 Rac8 22.Kf2 f6
23.c3 e5 24.g3 Ba4 25.Re1 Bd7 26.Bd1 g5 27.f5 Bb5 28.Bb3 Bc4 29.Red1 b5 30.h3 Rc5
31.Ke3 h6 32.Bxc4 bxc4 33.Rd5 Rc6 34.Kd2 Rb8 35.Kc1 Rb5 36.Rxb5 axb5 37.Rd5 Rb6
38.b4 cxb3 39.axb3 Kd7 40.Kb2 Kc6 41.Kb1 h5 42.Kb2 Ra6 43.Kb1 h4 44.g4 Ra3
45.Kb2 Ra8 46.Kb1  1/2-1/2

[Event "Czech Open G1 Rapid 2013"]
[Site "Pardubice CZE"]
[Date "2013.07.17"]
[Round "3.26"]
[White "Ageichenko,G"]
[Black "Zakhartsov,Vi"]
[Result "0-1"]
[WhiteElo "2298"]
[BlackElo "2560"]

1.e4 c5 2.Nf3 e6 3.d4 cxd4 4.Nxd4 a6 5.Bd3 Bc5 6.Nb3 Be7 7.O-O d6 8.c4 Nf6
9.Nc3 b6 10.Qe2 Qc7 11.Bf4 Nc6 12.Rac1 Ne5 13.Nd4 Nxd3 14.Qxd3 e5 15.Nd5 Nxd5
16.cxd5 Qb7 17.Qg3 Bf6 18.Bg5 Bxg5 19.Qxg5 exd4 20.Qxg7 Rf8 21.Rc6 Qe7 22.Qxd4 b5
23.Rfc1 Bd7 24.Rc7 Qe5 25.Qb6 Rg8 26.Rxd7 Qg5 27.g3 Qxc1+ 28.Kg2 Kxd7 29.Qb7+ Qc7  0-1

[Event "Czech Open G1 Rapid 2013"]
[Site "Pardubice CZE"]
[Date "2013.07.18"]
[Round "4.53"]
[White "Jaracz,B"]
[Black "Vrublevskaya,O"]
[Result "1-0"]
[WhiteElo "2270"]
[BlackElo "2156"]

1.e4 c5 2.Nf3 e6 3.d4 cxd4 4.Nxd4 a6 5.Bd3 Bc5 6.Nb3 Be7 7.Qg4 Bf6 8.O-O h5
9.Qe2 Nc6 10.f4 d6 11.Nc3 Nge7 12.Be3 b5 13.Qf2 Bb7 14.Nd4 Nxd4 15.Bxd4 Nc6
16.Bxf6 Qxf6 17.Kh1 h4 18.h3 Qd4 19.Qf3 Ne7 20.a4 b4 21.Ne2 Qf6 22.Qe3 Nc6
23.Qb6 Qe7 24.Nd4 Qd7 25.Nxc6 Qxc6 26.Qxb4 Rh5 27.Rae1 Kf8 28.Qd2 Kg8 29.Qe2 Rh6
30.b3 Qc3 31.f5 exf5 32.Rxf5 Bc8 33.Rf3 Qe5 34.Bc4 Be6 35.Ref1 Bxc4 36.Qxc4 Ra7
37.Rxf7 Rxf7 38.Qxf7+ Kh7 39.Qf5+ Qxf5 40.Rxf5 Re6 41.Rh5+ Kg6 42.Rxh4 Re5
43.Rg4+ Kf6 44.Kg1 Rc5 45.c4 Rc7 46.Kf2 Rb7 47.Rg3 Ke5 48.Re3 Kd4 49.Ke2 Rf7
50.Rd3+ Kc5 51.Rd5+ Kb4 52.Rxd6 Kxb3 53.Rxa6 Kxc4 54.Ke3 g5 55.Rc6+ Kb4 56.Rg6 Kxa4
57.Rxg5 Kb4 58.Rd5 Kc4 59.g4 Ra7 60.Kf4  1-0

[Event "Czech Open G1 Rapid 2013"]
[Site "Pardubice CZE"]
[Date "2013.07.18"]
[Round "4.22"]
[White "Korinek,O"]
[Black "Pasiev,R"]
[Result "1/2-1/2"]
[WhiteElo "2331"]
[BlackElo "2384"]

1.e4 c5 2.Nf3 e6 3.d4 cxd4 4.Nxd4 a6 5.Bd3 Nf6 6.O-O Qc7 7.Kh1 Be7 8.f4 d6
9.Nc3 Nbd7 10.Qf3 g6 11.Bd2 b5 12.a3 Bb7 13.Rae1 h5 14.Qe2 h4 15.Nf3 Nh5
16.Nd5 exd5 17.exd5 Nc5 18.f5 Nxd3 19.cxd3 Bxd5 20.fxg6 fxg6 21.Bg5 Rh7 22.Nxh4 Ra7
23.Qf2 Rf7 24.Qg1 Rg7 25.Qf2 Rf7 26.Qg1 Rg7 27.Qf2 Rf7 28.Qg1 Rg7 29.Qf2 Rf7
30.Qg1  1/2-1/2

[Event "Czech Open G1 Rapid 2013"]
[Site "Pardubice CZE"]
[Date "2013.07.18"]
[Round "6.33"]
[White "Konguvel,P"]
[Black "Pasiev,R"]
[Result "1-0"]
[WhiteElo "2319"]
[BlackElo "2384"]

1.e4 c5 2.Nf3 e6 3.d4 cxd4 4.Nxd4 a6 5.Bd3 Nf6 6.O-O Qc7 7.Qe2 d6 8.b3 Nc6
9.Bb2 Be7 10.Nd2 O-O 11.c4 e5 12.Nc2 Bg4 13.f3 Be6 14.Rfd1 Nd7 15.Nf1 a5
16.Nfe3 Nc5 17.Nd5 Bxd5 18.cxd5 Nb4 19.Nxb4 axb4 20.Bc4 Rfb8 21.Qd2 b5 22.Bf1 Qa5
23.Kh1 Bd8 24.g3 Bb6 25.Bg2 Nd7 26.f4 f6 27.Bh3 Nc5 28.Qe2 Re8 29.fxe5 fxe5
30.Rf1 Rf8 31.Bf5 g6 32.Qg4 Kg7 33.Be6 Nd3 34.Qg5 Bd8 35.Qd2 Nxb2 36.Rxf8 Kxf8
37.Qh6+ Ke8 38.Qxh7 Be7 39.Qg8+  1-0

[Event "Czech Open G1 Rapid 2013"]
[Site "Pardubice CZE"]
[Date "2013.07.18"]
[Round "7.44"]
[White "Novosadova,K"]
[Black "Korinek,O"]
[Result "0-1"]
[WhiteElo "2179"]
[BlackElo "2331"]

1.e4 c5 2.Nf3 e6 3.d4 cxd4 4.Nxd4 a6 5.Bd3 Qc7 6.Nc3 Nf6 7.a3 d6 8.Qe2 Nbd7
9.f4 Be7 10.Bd2 b5 11.O-O Bb7 12.Rae1 h5 13.h3 h4 14.e5 dxe5 15.fxe5 Bc5
16.Rf4 Nd5 17.Nxd5 Bxd5 18.c3 Rf8 19.Qh5 O-O-O 20.Rxf7 Rxf7 21.Qxf7 Rf8 22.Qxg7 Qd8
23.Qh6 Rh8 24.Qf4 Rf8 25.Qe3 Rg8 26.Re2 Rg3 27.Qf4 Rxd3 28.Kh1 Rxh3+ 29.Kg1 Rg3
30.Be1 Rg8 31.Bxh4 Qe8 32.b4 Bb6 33.g3 Qh5 34.Rd2 Rg4 35.Qf2 Qxh4  0-1

[Event "Czech Open G1 Rapid 2013"]
[Site "Pardubice CZE"]
[Date "2013.07.18"]
[Round "7.31"]
[White "Jaracz,B"]
[Black "Battey,A"]
[Result "1-0"]
[WhiteElo "2270"]
[BlackElo "2304"]

1.e4 c5 2.Nf3 e6 3.d4 cxd4 4.Nxd4 a6 5.Bd3 Bc5 6.Nb3 Ba7 7.O-O Nc6 8.c4 d6
9.Qe2 Nge7 10.Nc3 O-O 11.Be3 e5 12.Bxa7 Rxa7 13.Rad1 b6 14.Qe3 Be6 15.Nd5 Nc8
16.Be2 a5 17.Nd2 Bxd5 18.cxd5 Nb4 19.Qb3 Na6 20.Bxa6 Rxa6 21.Rc1 Na7 22.Nc4 b5
23.Ne3 g6 24.Qd3 Rb6 25.f4 exf4 26.Rxf4 Qg5 27.Rcf1 Rb7 28.Ng4 h5 29.h4 Qe7
30.Nf6+ Kh8 31.Qc3 Qe5 32.Qxa5 Qxb2 33.Qa6 Qd4+ 34.Kh1 Qb6 35.Qxb6  1-0

[Event "Czech Open G1 Rapid 2013"]
[Site "Pardubice CZE"]
[Date "2013.07.18"]
[Round "7.21"]
[White "Trjapishko,A"]
[Black "Kovalev,An"]
[Result "1-0"]
[WhiteElo "2221"]
[BlackElo "2470"]

1.e4 c5 2.Nf3 e6 3.d4 cxd4 4.Nxd4 a6 5.Bd3 Bc5 6.Nb3 Ba7 7.Qe2 Nc6 8.Nc3 d6
9.Be3 b5 10.O-O-O Nge7 11.g4 O-O 12.g5 b4 13.Na4 Bd7 14.Bxa6 Bxe3+ 15.fxe3 Qc7
16.Qc4 d5 17.exd5 exd5 18.Qe2 Ne5 19.Nac5 Bg4 20.Qd2 Bxd1 21.Rxd1 Rfd8 22.Qxb4 Rdb8
23.Qc3 Rb6 24.Be2 Rxa2 25.e4 d4 26.Qxd4 N7c6 27.Qd6 Ra7 28.Qxc7 Rxc7 29.c3 Kf8
30.Kc2 Ke7 31.Rd5 Ra7 32.Kb1 g6 33.h4 Ra8 34.Nd4 Rd8 35.Rxd8 Kxd8 36.Kc2 Ke7
37.Nxc6+ Nxc6 38.b4 Kd6 39.Nd3 Rb8 40.Kb3 Re8 41.Nc5 h6 42.gxh6 Rh8 43.h5 g5
44.Nd3 Rxh6 45.Kc4 Re6 46.Nc5 Rf6 47.b5 Rf2 48.Bd3 Na5+ 49.Kd4 g4 50.e5+ Kc7
51.h6 g3 52.Ke3 Rh2 53.h7 g2 54.Kf2 Rh4 55.Kxg2 Kb6 56.Nd7+ Kc7 57.Nf6 Nb7
58.Kg3 Rh6 59.Kg4 Nc5 60.Kg5 Rh1 61.Nh5 Ne6+ 62.Kg4 Rg1+ 63.Ng3  1-0

[Event "22nd Open ch-MKD"]
[Site "Struga MKD"]
[Date "2013.07.19"]
[Round "7.7"]
[White "Kacakovski,D"]
[Black "Gjorgjieski,D"]
[Result "1-0"]
[WhiteElo "2131"]
[BlackElo "2201"]

1.e4 e6 2.d4 c5 3.Nf3 cxd4 4.Nxd4 a6 5.Bd3 Qc7 6.Qe2 d6 7.O-O Nf6 8.c4 Be7
9.Nc3 Nc6 10.Be3 Bd7 11.f3 O-O 12.Rac1 Rac8 13.b3 Rfe8 14.Bb1 Qa5 15.Qd2 Nxd4
16.Bxd4 b5 17.cxb5 axb5 18.e5 dxe5 19.Bxe5 Red8 20.Qf4 b4 21.Bxf6 Bxf6 22.Ne4 Be5
23.Qh4 f5 24.Ng5 h6 25.Nh3 Qb6+ 26.Kh1 Qd6 27.Rcd1 Qb8 28.Bd3 Bf6 29.Qe1 e5
30.Bc4+ Kh7 31.Rxd7 Rxd7 32.Be6 Rcd8 33.Bxf5+ Kh8 34.Bxd7 Rxd7 35.Nf2 Qa7
36.Qe2 Qd4 37.Ne4 Bd8 38.g4 Bb6 39.Re1 Kh7 40.Kg2 Ra7 41.h4 Qd8 42.g5 Qa8
43.Rc1 Rxa2 44.Rc2 Ra1 45.Qd3 Kh8 46.gxh6 gxh6 47.Nf6 Rg1+ 48.Kh2 Rg7 49.Rg2 Qf8
50.Rg6 Be3 51.Rxg7 Bf4+ 52.Kh3 Kxg7 53.Nh5+ Kh8 54.Qg6 Qc8+ 55.Qg4 Qb7 56.Nf6 Qf7
57.Qf5 Kg7 58.Nh5+ Kg8 59.Qxf7+ Kxf7 60.Nxf4  1-0

[Event "28th Avoine Open"]
[Site "Avoine FRA"]
[Date "2013.07.20"]
[Round "1.46"]
[White "Burri,Quentin"]
[Black "Goupil,A"]
[Result "1/2-1/2"]
[WhiteElo "1971"]
[BlackElo "2148"]

1.e4 c5 2.Nf3 e6 3.d4 cxd4 4.Nxd4 a6 5.Bd3 Nc6 6.Nxc6 bxc6 7.O-O d5 8.c4 Nf6
9.Nc3 Be7 10.cxd5 cxd5 11.exd5 Nxd5 12.Be4 Bb7 13.Qa4+ Qd7 14.Qxd7+ Kxd7
15.Rd1 Rhd8 16.Nxd5 exd5 17.Bxd5 Ke8 18.Bb3 Rxd1+ 19.Bxd1 Be4 20.Be3 Bf6
21.Ba4+ Kf8 22.Bc5+ Kg8 23.Re1 Bd5 24.b3 Be6 25.a3 Rd8 26.f4 h5 27.b4 Rd3
28.Bc6 Rc3 29.Bf3 g6 30.Kf2 Rxa3 31.Re3 Ra2+ 32.Re2 Ra1 33.Re1 Ra2+ 34.Re2 Ra1
35.Re1 Ra3 36.Re3 Ra4 37.Bc6 Ra2+ 38.Re2 Ra1 39.Re1 Ra2+ 40.Re2 Ra1 41.Re1  1/2-1/2

[Event "36th Taminco Open"]
[Site "Ghent BEL"]
[Date "2013.07.20"]
[Round "2.15"]
[White "Vreugdenhil,F"]
[Black "Freeke,M"]
[Result "1/2-1/2"]
[WhiteElo "2035"]
[BlackElo "2332"]

1.e4 c5 2.Nf3 e6 3.d4 cxd4 4.Nxd4 a6 5.Bd3 Bc5 6.Nb3 Be7 7.O-O d6 8.Nc3 Nf6
9.Be3 Nbd7 10.f4 b5 11.a3 Bb7 12.f5 Ne5 13.fxe6 fxe6 14.Nd4 Qd7 15.Kh1 O-O
16.Qe2 Rac8 17.Bg1 g6 18.Rad1 Nh5 19.Be3 Bf6 20.Nf3 Qe7 21.Nd4 Ng7 22.Rf2 Nc4
23.Bxc4 Rxc4 24.a4 Rb4 25.axb5 axb5 26.b3 Bxd4 27.Rxf8+ Qxf8 28.Bxd4 e5 29.Bg1  1/2-1/2

[Event "Caissa GM July 2013"]
[Site "Kecskemet HUN"]
[Date "2013.07.20"]
[Round "1.2"]
[White "Groszpeter,A"]
[Black "Jia,H"]
[Result "0-1"]
[WhiteElo "2469"]
[BlackElo "2340"]

1.e4 c5 2.Nf3 e6 3.d4 cxd4 4.Nxd4 a6 5.Bd3 Nf6 6.O-O Qc7 7.Qe2 d6 8.c4 Nbd7
9.Nc3 Be7 10.f4 b6 11.Bd2 Bb7 12.Rae1 O-O 13.Nf3 Rfd8 14.e5 Ne8 15.f5 dxe5
16.fxe6 fxe6 17.Ne4 Nc5 18.Nxc5 Bxc5+ 19.Kh1 Bxf3 20.Qxf3 Nf6 21.Bg5 Rf8
22.Bxf6 gxf6 23.Qg4+ Kh8 24.Qxe6 Rae8 25.Qh3 Re7 26.Be4 Rg7 27.Rd1 Bd4 28.b3 Qd7
29.Rf5 Rg5 30.Rdf1 Rxf5 31.Rxf5 Bc5 32.Rf1 Qxh3 33.gxh3 Kg7 34.Rf3 Kh6 35.Kg2 Rg8+
36.Rg3 Rd8 37.Rg4 Rd2+ 38.Kg3 Bf2+ 39.Kf3 Be1 40.Rg2 Rxg2 41.Kxg2 Kg5 42.Bxh7 Kf4
43.Kf1 Bb4 44.h4 f5 45.Bg6 e4 46.h5 Bf8 47.b4 Ke5 48.c5 bxc5 49.bxc5 Bxc5
50.h6 Bf8 51.h7 Bg7 52.Bh5 f4 53.Kf2 Kd4 54.Be2 a5 55.Bb5 Kc3 56.Ke2 Bd4
57.Bc6 f3+ 58.Ke1 Kd3 59.a4 Ke3 60.h4 Kf4 61.Kf1 e3 62.Bb5 Kg4 63.Bc4 Kxh4
64.Bb5 Kg5 65.Ke1 Bc3+ 66.Kf1 Kh6  0-1

[Event "6th Paleochora Open"]
[Site "Paleochora GRE"]
[Date "2013.07.20"]
[Round "3.7"]
[White "Zinchenko,Ya"]
[Black "Naoum,S"]
[Result "1-0"]
[WhiteElo "2536"]
[BlackElo "2207"]

1.e4 c5 2.Nf3 e6 3.d4 cxd4 4.Nxd4 a6 5.Bd3 Bc5 6.Nb3 Be7 7.Qg4 g6 8.Qe2 d6
9.Be3 Nd7 10.N1d2 b6 11.O-O-O Bb7 12.f4 Qc7 13.g4 Ngf6 14.g5 Nh5 15.Rhf1 Rc8
16.Kb1 O-O 17.Rc1 d5 18.Bxa6 dxe4 19.Bxb7 Qxb7 20.Bd4 Bd6 21.Nxe4 Bxf4 22.Rcd1 Qc7
23.Bc3 Rfd8 24.Qf2 Qc6 25.Qf3 Rf8 26.Rxd7 Qxd7 27.Qxf4 f6 28.Qc1 fxg5 29.Rd1 Qa4
30.Nxg5 Rxc3 31.bxc3 Ra8 32.a3  1-0

[Event "ch-AUT 2013"]
[Site "Feldkirch AUT"]
[Date "2013.07.21"]
[Round "2.23"]
[White "Kanonier,C"]
[Black "Nussbaumer,Leon"]
[Result "1-0"]
[WhiteElo "2110"]
[BlackElo "1870"]

1.e4 c5 2.Nf3 e6 3.d4 cxd4 4.Nxd4 a6 5.Bd3 Nf6 6.O-O Qc7 7.Nc3 Nc6 8.Nxc6 bxc6
9.Qe2 d5 10.e5 Nd7 11.f4 c5 12.b3 Bb7 13.Bd2 Be7 14.Kh1 O-O 15.Na4 Nb6 16.Ba5 c4
17.bxc4 dxc4 18.Be4 Bxe4 19.Qxe4 Bc5 20.Rab1 Rab8 21.Bxb6 Bxb6 22.Nxb6 Rxb6
23.Rxb6 Qxb6 24.Qxc4 Rd8 25.h3 h6 26.Kh2 Rd4 27.Qc8+ Rd8 28.Qc4 Rd4 29.Qc8+ Rd8
30.Qc3 Rd5 31.Rf3 Rc5 32.Qd3 Rd5 33.Qe2 Qa5 34.a3 Rd2 35.Qc4 Qb6 36.Qc8+ Rd8
37.Qc3 Rd5 38.Rd3 Rc5 39.Qd2 Qc7 40.c3 g6 41.Rd7 Qa5 42.Rd8+ Kh7 43.Qd7  1-0

[Event "Maccabiah GM1 2013"]
[Site "Jerusalem ISR"]
[Date "2013.07.23"]
[Round "4.1"]
[White "Gruenfeld,Y"]
[Black "Ginsburg,G"]
[Result "1/2-1/2"]
[WhiteElo "2442"]
[BlackElo "2513"]

1.e4 c5 2.Nf3 e6 3.d4 cxd4 4.Nxd4 a6 5.Bd3 Bc5 6.Nb3 Ba7 7.O-O Nc6 8.Qe2 d6
9.Be3 Nf6 10.N1d2 e5 11.c4 O-O 12.Rfd1 Be6 13.Nf1 a5 14.Bxa7 Rxa7 15.Ne3 a4
16.Nc1 a3 17.b3 Qb6 18.Qd2 Rd8 19.Ne2 Ng4 20.Nc3 Nxe3 21.Qxe3 Qxe3 22.fxe3 Kf8
23.Rd2 Ke7 24.Rc1 Nb4 25.Be2 b6 26.Rcd1 g6 27.h3 h5 28.Bf3 f6 29.Kf2 Raa8
30.Ke1 Bf7 31.Rf2 Be8 32.Nd5+ Nxd5 33.exd5 Rdc8 34.Rc2 Ra7 35.Rdc1 f5 36.e4 Kf6
37.h4 Bd7 38.Kd2 Rac7 39.Rc3 f4 40.Be2 Bg4 41.Bf1 g5 42.hxg5+ Kxg5 43.b4 Ra7
44.Ke1 Ra4 45.Rb1 Rc7 46.Kf2 h4 47.Bd3 Rh7 48.Bc2 Ra8 49.Rg1 Rf7 50.Bb3 Rh7
51.Bc2 Rc7 52.Bd3 Ra4 53.Rb1  1/2-1/2

[Event "31st Andorra Open"]
[Site "La Massana AND"]
[Date "2013.07.23"]
[Round "4.10"]
[White "Barbot,Pi1"]
[Black "Lopez Martinez,Josep"]
[Result "0-1"]
[WhiteElo "2355"]
[BlackElo "2547"]

1.e4 c5 2.Nf3 e6 3.d4 cxd4 4.Nxd4 a6 5.Bd3 Bc5 6.Nb3 Ba7 7.Qg4 Nf6 8.Qg3 d6
9.Nc3 Nc6 10.Bg5 h6 11.Bd2 e5 12.O-O-O Nh5 13.Qf3 Nf6 14.Nd5 Nxd5 15.exd5 Ne7
16.g4 Ng6 17.Bxg6 fxg6 18.Be3 Qf6 19.Qg3 O-O 20.Nd2 Bxe3 21.fxe3 Qd8 22.Ne4 Qa5
23.Kb1 Qb4 24.Qg2 Bd7 25.a3 Qb6 26.Qe2 Rac8 27.c4 g5 28.Rhf1 Qc7 29.Rxf8+ Rxf8
30.Rc1 Be8 31.Ka2 Bg6 32.Nd2 b6 33.c5 bxc5 34.Qxa6 Rf2 35.Nc4 Bd3 36.Rc3 Bxc4+
37.Qxc4 Rxh2 38.Rc2 Rxc2 39.Qxc2 Qf7 40.e4 h5 41.b4 cxb4 42.axb4 h4 43.b5 h3
44.b6 Kh7 45.Qb2 Qb7 46.Qa3 h2 47.Qh3+ Kg8 48.Qxh2 Qa6+ 49.Kb1 Qxb6+ 50.Qb2 Qg1+
51.Ka2 Qxg4 52.Qb8+ Kh7 53.Qxd6 Qe2+ 54.Kb3 Qf3+ 55.Kb2 Qf2+ 56.Kb3 Qe3+
57.Kb2 Qd4+ 58.Kb3 g4 59.Qe6 Qe3+ 60.Kb2 Qf2+ 61.Kc3 Qf3+ 62.Kd2 Qf4+ 63.Kd3 Qf1+
64.Kd2 g3 65.Qxe5 Qf2+ 66.Kc3 Qf3+ 67.Kd2 g2 68.Qh2+ Kg6 69.Qd6+ Qf6  0-1

[Event "Maccabiah IM2 2013"]
[Site "Jerusalem ISR"]
[Date "2013.07.24"]
[Round "5.3"]
[White "Litwak,A"]
[Black "Kudischewitsch,D"]
[Result "1/2-1/2"]
[WhiteElo "2229"]
[BlackElo "2344"]

1.e4 c5 2.Nf3 e6 3.d4 cxd4 4.Nxd4 a6 5.Bd3 Ne7 6.O-O Nec6 7.Nb3 Be7 8.c4 d6
9.Nc3 O-O 10.f4 Nd7 11.Be3 b6 12.Qf3 Bb7 13.Qh3 g6 14.Rad1 Re8 15.f5 Bf6
16.fxe6 fxe6 17.Be2 Qe7 18.Na4 Rab8 19.Nxb6 Nxb6 20.Bxb6 Bxb2 21.c5 Be5 22.Bc4 Bc8
23.Kh1 dxc5 24.Bxc5 Qc7 25.Bg1 Qe7 26.Rc1 Nd8 27.Nc5 Ra8 28.Nd3 Bg7 29.Bc5 Qc7
30.Be3 Qe7 31.Bc5 Qc7 32.Be3 Qe7 33.Bh6 Bxh6 34.Qxh6 Nf7 35.Qf4 Rd8 36.Bb3 Rd7
37.Ne5 Nxe5 38.Qxe5 Rd6 39.Rf6 Bd7 40.Rcf1 Rc6 41.Qf4 Rcc8 42.Rf7 Re8 43.Rxe7 Rf8
44.Rd1 Rxf4 45.g3 Rff8 46.Rf1 Rxf1+ 47.Kg2 Bb5 48.Bxe6+ Kh8 49.a4 Bd3 50.Rd7 Rf6
51.Rxd3 Rxe6 52.Kf3 Rc6 53.e5 Rc4 54.Re3 Kg7 55.Re4 Rc2 56.h4 Kf7 57.e6+ Ke7
58.Kf4 h6 59.h5 gxh5 60.Kf5 Rc3 61.Kg6 Rxg3+ 62.Kxh6  1/2-1/2

[Event "28th Avoine Open"]
[Site "Avoine FRA"]
[Date "2013.07.25"]
[Round "6.19"]
[White "Naudion,G"]
[Black "Auvray,H"]
[Result "0-1"]
[WhiteElo "2211"]
[BlackElo "1835"]

1.e4 c5 2.Nf3 e6 3.d4 cxd4 4.Nxd4 a6 5.Bd3 d5 6.exd5 Qxd5 7.O-O Nd7 8.Nf3 Ngf6
9.Nc3 Qc6 10.Bf4 Bc5 11.Qe2 O-O 12.Rad1 b6 13.Ne4 Bb7 14.Nxf6+ Nxf6 15.Be5 Kh8
16.Qd2 Ne4 17.Bxe4 Qxe4 18.Rfe1 Qg6 19.Nh4 Qg4 20.Bg3 Be7 21.Qd7 Rfd8 22.Qxb7 Qxd1
23.Nf3 Qd7 24.Qxb6 Bf6 25.Be5 Qa7 26.Qb4 Rd5 27.c4 Rd3 28.c5 Rd5 29.Bd6 Be7
30.Ne5 Bxd6 31.cxd6 f6 32.Nc4 e5 33.Rc1 Qd4 34.Qb3 Rc8 35.g3 Rxd6 36.Qb7 Rdc6
37.b3 Qd8 38.Kg2 Qc7 39.Qb4 a5 40.Qd2 Rd8 41.Qe3 a4 42.Rc2 axb3 43.axb3 Qf7
44.Ra2 h6 45.h4 Ra6 46.Rxa6 Qb7+ 47.Kh2 Qxa6 48.h5 Rb8 49.Qd3 Qb5 50.Qg6 Qxb3
51.Nd6 Rf8 52.Nf5 Qf7 53.Qg4 Rd8 54.Kg1 Rc8 55.Qd1 Qc7 56.Qf3 Rb8 57.Kh2 Rb1
58.Qa8+ Qb8 59.Qd5 Qb7  0-1

[Event "Maccabiah GM1 2013"]
[Site "Jerusalem ISR"]
[Date "2013.07.25"]
[Round "7.4"]
[White "Ginsburg,G"]
[Black "Diamant,A"]
[Result "1-0"]
[WhiteElo "2513"]
[BlackElo "2469"]

1.e4 c5 2.Nf3 e6 3.d4 cxd4 4.Nxd4 a6 5.Bd3 Bc5 6.Nb3 Ba7 7.Qe2 Nc6 8.Be3 d6
9.O-O Nf6 10.Bxa7 Rxa7 11.c4 O-O 12.Nc3 b6 13.Rfd1 Rd7 14.Qe3 Ng4 15.Qg3 Nf6
16.Be2 Bb7 17.Rac1 Ne7 18.Qe3 Qc7 19.f3 Rb8 20.Nd4 Ng6 21.b4 Rdd8 22.a3 Nd7
23.Nb3 Ba8 24.Na4 Bc6 25.Nb2 Ba8 26.Rd2 Nf6 27.Rcd1 h6 28.Rd4 Rd7 29.R4d2 Rdd8
30.Rc1 Kh8 31.Rdc2 Kg8 32.Nd3 Qe7 33.Nd4 Qd7 34.Bf1 Kh8 35.Nb3 Qc7 36.a4 a5
37.bxa5 bxa5 38.Nd4 Qb6 39.Rb2 Qa7 40.Rxb8 Rxb8 41.c5 dxc5 42.Nb5 Qb6 43.Qxc5 Nd7
44.Qxb6 Nxb6 45.Nd6 Rf8 46.Rc7 Kg8 47.Nc5 Ne5 48.f4 Nc6 49.Bb5 Nd4 50.Be8 f5
51.Bf7+ Kh7 52.Nxe6 Nxe6 53.Bxe6 Bxe4 54.g4 Nxa4 55.gxf5 Bd3 56.Ra7 Nc3 57.Rxa5 Ne4
58.Nxe4 Bxe4 59.Kf2 Bc2 60.Ke3 Rd8 61.Rc5 Bd3 62.Rc7 Kh8 63.h4 Bb5 64.Ke4 Rf8
65.Ke5 Be2 66.Kd6 Bh5 67.Ke5 Kh7 68.f6 Rxf6 69.Rc8 Bf7 70.f5  1-0

[Event "Caissa GM July 2013"]
[Site "Kecskemet HUN"]
[Date "2013.07.25"]
[Round "9.1"]
[White "Sax,G"]
[Black "Jia,H"]
[Result "0-1"]
[WhiteElo "2478"]
[BlackElo "2340"]

1.e4 c5 2.Nf3 e6 3.d4 cxd4 4.Nxd4 a6 5.Bd3 Nf6 6.Qe2 d6 7.c4 Nbd7 8.Nc3 Qc7
9.f4 Be7 10.O-O b6 11.Kh1 Bb7 12.Bd2 O-O 13.Rae1 Rfd8 14.Rf3 Bf8 15.Rh3 g6
16.Nf3 Bg7 17.Ng5 h6 18.Nf3 Nc5 19.Bb1 d5 20.cxd5 exd5 21.e5 Nfe4 22.Nd4 Bc8
23.Re3 Bg4 24.Qxg4 Nf2+  0-1

[Event "III Brazil Maringa Open"]
[Site "Maringa BRA"]
[Date "2013.07.25"]
[Round "2.2"]
[White "Fischer Junior,Donaldo"]
[Black "Mareco,S"]
[Result "0-1"]
[WhiteElo "1973"]
[BlackElo "2562"]

1.e4 c5 2.Nf3 e6 3.d4 cxd4 4.Nxd4 a6 5.Bd3 Qc7 6.Nc3 Nf6 7.h3 b5 8.a3 Bb7
9.Nb3 Be7 10.Bd2 d6 11.Qe2 O-O 12.O-O-O Nc6 13.f4 b4 14.Nb1 a5 15.a4 Nd7
16.g4 Nb6 17.Bb5 Na7 18.Nd4 Bf6 19.Be1 Rfc8 20.b3 g6 21.h4 e5 22.g5 Bg7 23.f5 exd4
24.f6 Nxb5 25.axb5 a4 26.Bxb4 axb3 27.c3 dxc3 28.Bxc3 Ra1 29.Rh3 Na4 30.Rhd3 Qc5
31.Qe3 Qa3+ 32.Kd2 Qa2+  0-1

[Event "III Brazil Maringa Open"]
[Site "Maringa BRA"]
[Date "2013.07.25"]
[Round "2.19"]
[White "Okawati,Gabriel Akira"]
[Black "Carvalho,H"]
[Result "1/2-1/2"]
[WhiteElo "1867"]
[BlackElo "2186"]

1.e4 c5 2.Nf3 e6 3.d4 cxd4 4.Nxd4 a6 5.Bd3 Nc6 6.Nb3 Nf6 7.Be3 d5 8.N1d2 e5
9.Bg5 Be7 10.Bxf6 Bxf6 11.exd5 Nb4 12.Be4 Nxd5 13.Qf3 Be6 14.c4 Nb4 15.a3 Nc6
16.Bxc6+ bxc6 17.Qxc6+ Bd7 18.Qd5 O-O 19.Ne4 Be6 20.Qxd8 Rfxd8 21.Nxf6+ gxf6
22.Na5 Rd4 23.Rc1 Re4+ 24.Kd2 Rd8+ 25.Kc3 Red4 26.Rc2 f5  1/2-1/2

[Event "6th Paleochora Open"]
[Site "Paleochora GRE"]
[Date "2013.07.25"]
[Round "8.11"]
[White "Kargin,A"]
[Black "Kazakos,E"]
[Result "1-0"]
[WhiteElo "2440"]
[BlackElo "2131"]

1.e4 c5 2.Nf3 e6 3.d4 cxd4 4.Nxd4 a6 5.Bd3 Nf6 6.O-O Qc7 7.Qe2 d6 8.c4 g6
9.Nc3 Bg7 10.Nf3 O-O 11.Bf4 Nc6 12.Rac1 e5 13.Bg5 h6 14.Bd2 Bg4 15.Qe3 Nd7
16.h3 Bxf3 17.Qxf3 Nc5 18.Bb1 Ne6 19.Qg4 Rac8 20.g3 Qd8 21.Nd5 h5 22.Qd1 h4
23.Kg2 Ncd4 24.Qg4 Kh7 25.f4 Bh6 26.Rcd1 hxg3 27.f5 Bxd2 28.Rxd2 Ng7 29.Rxd4 exd4
30.e5 dxe5 31.fxg6+ Kh6 32.Rf6 Nh5 33.gxf7+  1-0

[Event "VIII Vladimir Dvorkovich Open"]
[Site "Taganrog RUS"]
[Date "2013.07.25"]
[Round "4.13"]
[White "Kim,Ya"]
[Black "Sukhareva,E"]
[Result "1-0"]
[WhiteElo "1983"]
[BlackElo "2248"]

1.e4 c5 2.Nf3 e6 3.d4 cxd4 4.Nxd4 a6 5.Bd3 Qc7 6.O-O Nf6 7.Qe2 d6 8.f4 Nbd7
9.Kh1 Be7 10.c4 b6 11.Nc3 Bb7 12.Bd2 O-O 13.Rae1 g6 14.Nf3 Rfe8 15.e5 Nh5
16.Be4 Bxe4 17.Nxe4 dxe5 18.fxe5 Nxe5 19.Nxe5 Qxe5 20.g4 Ng7 21.Bc3 Qc7 22.Bf6 Red8
23.Qf3 Bxf6 24.Nxf6+ Kh8 25.Qh3 Qc6+ 26.Re4 h5 27.Qe3 Nf5 28.gxf5 Kg7 29.fxg6 fxg6
30.Qg5 Rh8 31.Qe5 Kh6 32.Nxh5 Raf8 33.Rxf8 Rxf8 34.Qg7+ Kg5 35.h4+  1-0

[Event "28th Avoine Open"]
[Site "Avoine FRA"]
[Date "2013.07.26"]
[Round "7.41"]
[White "Vilain,T"]
[Black "Bouvet,L"]
[Result "1-0"]
[WhiteElo "1851"]
[BlackElo "2127"]

1.e4 c5 2.Nf3 e6 3.d4 cxd4 4.Nxd4 a6 5.Bd3 Qc7 6.O-O Nc6 7.Nxc6 dxc6 8.Nc3 e5
9.a4 a5 10.Bc4 Nf6 11.h3 Bb4 12.Qe2 O-O 13.Bg5 Nd7 14.Qh5 Nc5 15.Qh4 Be6
16.Bxe6 Nxe6 17.Be3 Rfd8 18.Rad1 Nd4 19.Bxd4 exd4 20.Ne2 Be7 21.Qg4 Qb6 22.e5 c5
23.Nf4 Qxb2 24.Nh5 Bf8 25.Rd3 Ra6 26.Nf6+ Kh8 27.Rg3 Qxc2 28.Qh5 Rxf6 29.exf6 g6
30.Qg4 c4 31.h4 h5 32.Qf3 Qb2 33.Qe4 Kh7 34.Rb1 Qa2 35.Qxb7 Kh8 36.Qxf7  1-0